Ekonomické porovnanie elektromobilov a automobilov bakalárska práca

Enregistré dans:
Détails bibliographiques
Auteur principal: Kúdela, Ronald
Collectivité auteur: Obchodná fakulta EU. Katedra marketingu
Autres auteurs: Belička, Peter
Format: Livre
Langue:slovaque
Publié: Bratislava 2018
Tags: Ajouter un tag
Pas de tags, Soyez le premier à ajouter un tag!

MARC

LEADER 00000nbm a2200000 4500
001 0245028
005 20180815093053.2
041 0 |a slo 
044 |a SK 
245 1 0 |a Ekonomické porovnanie elektromobilov a automobilov  |b bakalárska práca  |c Ronald Kúdela ; školiteľ: Peter Belička 
264 1 |a Bratislava  |c 2018 
300 |a 43 s. 
100 1 |a Kúdela, Ronald 
700 1 |a Belička, Peter 
710 2 |a Obchodná fakulta EU. Katedra marketingu